000 00637nam a2200193 i 4500
001 148290
003 ES-MaACL
005 20230906202533.0
007 t|
008 070214s1932 sz r ||||1| fre d
245 0 4 _aLes statistiques des migrations
_b: definitions, methodes, classifications.
260 _aGeneve :
_bAlbert Kundig,
_c1932.
300 _a160 p. ;
_c24 cm.
490 1 _aÉtudes et documents. Serie N (Statisque) ;
_v18
594 _aPrecede al tít.: Bureau International du Travail.
830 0 _aÉtudes et documents. Serie N (Statisque) ;
_v18
_9220991
852 _aES-MaACL
_jA-1034
999 _c148290
_d148290